Hola, Andrés, soy María otra vez... / (Registro nro. 6430)

Detalles MARC
000 -LEADER
fixed length control field 01358nam a22002777a 4500
003 - CONTROL NUMBER IDENTIFIER
control field OSt
005 - DATE AND TIME OF LATEST TRANSACTION
control field 20250711123400.0
008 - FIXED-LENGTH DATA ELEMENTS--GENERAL INFORMATION
fixed length control field 200204s2016 ck a|||br|||| 00| f spa d
020 ## - INTERNATIONAL STANDARD BOOK NUMBER
International Standard Book Number 9789589002759
040 ## - CATALOGING SOURCE
Original cataloging agency CO-JMCR
Transcribing agency CO-JMCR
041 0# - LANGUAGE CODE
Language code of text/sound track or separate title spa
082 ## - DEWEY DECIMAL CLASSIFICATION NUMBER
Classification number N
Item number HERh
100 1# - MAIN ENTRY--PERSONAL NAME
Personal name Heredia, María Fernanda,
Relator term autora
9 (RLIN) 156
245 10 - TITLE STATEMENT
Title Hola, Andrés, soy María otra vez... /
Statement of responsibility, etc. María Fernanda Heredia ; ilustraciones de Roger Ycaza
260 ## - PUBLICATION, DISTRIBUTION, ETC.
Place of publication, distribution, etc. Bogotá :
Name of publisher, distributor, etc. Santillana,
Date of publication, distribution, etc. 2016
300 ## - PHYSICAL DESCRIPTION
Extent 137 páginas :
Other physical details ilustraciones a blanco y negro ;
Dimensions 20 cm.
490 0# - SERIES STATEMENT
Series statement Loqueleo. Narrativa
505 0# - FORMATTED CONTENTS NOTE
Formatted contents note La casa del terror -- El diario -- Una soledad amarilla -- Las aventuras de Tom vs. las de María -- La página en blanco -- La sorpresa -- Rostro arrebolado -- La vida normal
520 ## - SUMMARY, ETC.
Summary, etc. María es una niña muy tímida. Su mundo es silencioso y casi no tiene amigos. Gracias al encierro obligado por una hepatitis, decide dar un giro a su vida... inventará un amigo invisible a quien le contará sus secretos. Apartir de ese momento descubrirá el universo que guarda en su interior.
521 ## - TARGET AUDIENCE NOTE
Target audience note 10+
Source Tomado de tapa posterior
650 14 - SUBJECT ADDED ENTRY--TOPICAL TERM
Topical term or geographic name entry element Novela infantil
9 (RLIN) 16
650 14 - SUBJECT ADDED ENTRY--TOPICAL TERM
Topical term or geographic name entry element Hepatitis
General subdivision novela infantil
9 (RLIN) 157
650 14 - SUBJECT ADDED ENTRY--TOPICAL TERM
Topical term or geographic name entry element Amigo imaginario (amistad)
General subdivision novela infantil
9 (RLIN) 158
700 1# - ADDED ENTRY--PERSONAL NAME
Personal name Ycaza, Roger,
Relator term ilustrador
9 (RLIN) 159
942 ## - ADDED ENTRY ELEMENTS (KOHA)
Source of classification or shelving scheme Dewey Decimal Classification
Koha item type Books
Existencias
Withdrawn status Lost status Source of classification or shelving scheme Damaged status Not for loan Collection code Home library Current library Date acquired Source of acquisition Cost, normal purchase price Total Checkouts Full call number Barcode Date last seen Date last checked out Copy number Price effective from Koha item type
    Dewey Decimal Classification     Fiction Biblioteca Pública José María del Castillo y Rada Biblioteca Pública José María del Castillo y Rada 12/19/2019 Donación 0.00 2 N HERh 201809710 03/31/2026 03/31/2026 Ej.1 02/04/2020 Books